| 000 | 00761nam a2200253 i 4500 | ||
|---|---|---|---|
| 001 | 185581 | ||
| 003 | SpMaBN | ||
| 005 | 20250815122201.0 | ||
| 008 | 160719s2000 sp a |||| | spa d | ||
| 020 | _a84-376-1820-7 | ||
| 080 | _a75.01 | ||
| 100 | 1 |
_aCarrere, Alberto. _9153765 |
|
| 245 | 1 | 0 |
_aRetórica de la pintura / _cAlberto Carrere, José Saborit. |
| 260 |
_aMadrid : _bCátedra, _c[2000] |
||
| 300 |
_a499 p. : _bil. ; _c21 cm. |
||
| 490 | 1 |
_aSigno e imagen ; _v59 |
|
| 500 | _aÍndice. | ||
| 504 | _aBibliografía: p. 483-491. | ||
| 650 | 7 |
_aPintura _2embne _916002 |
|
| 700 | 1 |
_aSaborit, José. _9148518 |
|
| 830 | 0 |
_aSigno e imagen ; _v59 _9178598 |
|
| 852 |
_aES-MaACL _jL-30453 _z. - Donat. Miguel A. Velasco |
||
| 999 |
_c185581 _d185581 |
||